000 00559nam a2200157Ia 4500
008 090124s9999 xx 000 0 und d
082 _b30019
_a1761
245 _a सार्थश्रीमद् भगवद्गीता
250 _a1
260 _c1999
300 _a540
630 _a सार्थश्रीमद् भगवद्गीता
700 _aघैसास दिवाकर अनंत (घैसास दि. अ.)
730 _a सार्थश्रीमद् भगवद्गीता
942 _cBOOK
999 _c143502
_d143502